00663 2200289 4500001002100000005001500021035002000036245004400056100001700100250000600117856004500123260003100168082000800199084001400207020002200221600001000243990001200253990001200265990001200277990001200289990001200301990001200313990001200325990001200337990001200349990001200361INLIS00000000000163520250429073822 a0010-04250000511 aTambo; Sebuah Pertemuan /cGus Tf Sakai0 aGus Tf Sakai a1 aRuang Baca Umum No Klas 800 ( Rak 3,4,5) aJakarta :bGrasindo,c2000 a813 a813 GUS t a978-979-669-802-8 4aFiksi a02.2000 a02.2001 a02.2002 a02.2003 a02.2004 a02.2005 a02.2006 a02.2007 a02.2008 a02.2009